kidzlori - ENEMY - Statystyki

Ogólne statystyki
  • Ten quiz został rozwiązany 3 razy
  • Średni wynik to 6 z 18
Statystyki odpowiedzi
ENEMY % Poprawnych
AO
100%
ENEMY
67%
KLEOPATRA
67%
MALIBU
67%
365
33%
556
33%
99%
33%
B2B
33%
DNA
33%
DZIECIAKI TO ROBIĄ
33%
MR. CLEAN
33%
OCEAN SPRAY
33%
BUSINESS CALL
0%
CAMEL
0%
CARTIER
0%
SOUTHWEST
0%
ZABIJ TO
0%
ZRÓBMY TO OSTATNI RAZ
0%
Nie znaleziono quizów pasujących do podanych kryteriów
Rozkład punktacji
Procent ludzi z każdym wynikiem
Percentyl według liczby udzielonych odpowiedzi
Twoja historia wyników
Nie rozwiązałeś tego quizu